I vetri del museo archeologico di tripoli /

محفوظ في:

المؤلف الرئيسي: Cingolani, Sofia (مؤلف)

التنسيق: كتاب

اللغة: English

منشور في: Oxford : Archaeopress, [2015].

سلاسل: Archaeopress Roman archaeology ; 7.

الموضوعات:

الوسوم: إضافة وسم

لا توجد وسوم, كن أول من يضع وسما على هذه التسجيلة!

رقم الطلب: NK5107.3 .C56 2015

LEADER 00747nam a22002417a 4500
003 OSt
005 20250915062039.0
008 250303s2015 enka 000 0 eng d
020 |a 9781784910945 
020 |a 1784910945 
040 |c ARCE Library 
043 |a f-ly--- 
050 1 4 |a NK5107.3  |b .C56 2015 
100 1 |a Cingolani, Sofia,   |e author  |9 28065 
245 1 0 |a I vetri del museo archeologico di tripoli /   |c Sofia Cingolani. 
264 1 |a Oxford :   |b Archaeopress,   |c [2015]. 
300 |a  ii, 182 pages :   |b illustrations ;   |c 30 cm. 
490 1 |a Archaeopress Roman archaeology ;   |v 7. 
650 0 |a Glassware, Roman  |z Libya  |z Tripoli. 
830 0 |a Archaeopress Roman archaeology ;   |v 7. 
901 |a reviewed 
942 |c BK  |2 lcc 
999 |c 21087  |d 21087